Countries By Highest Speed Limits - Statistics

General Stats
  • This quiz has been taken 57 times
  • The average score is 12 of 20
Answer Stats
Speed Limit Country % Correct
Unlimited (Recommended 130) Germany
98%
130 France
90%
130 Austria
83%
130 Italy
81%
140 Poland
77%
130 Czechia
67%
130 Greece
67%
140 Turkey
65%
130 Denmark
63%
140 Saudi Arabia
63%
130 Hungary
60%
130 Croatia
58%
160 United Arab Emirates
58%
140 Bulgaria
56%
140 Iraq
50%
130 Argentina
46%
130 Bosnia and Herzegovina
40%
130 Libya
27%
Unlimited (Recommended 110) Isle Of Man
23%
130 Ivory Coast
15%
No matching quizzes found
Score Distribution
Percent of People with Each Score
Percentile by Number Answered
Your Score History
You have not taken this quiz